Nueva geografía de la educación superior y de los estudiantes. Una cartografía del sistema chileno, su actual alumnado y sus principales tendencias.

Saved in:
Bibliografiske detaljer
Hovedforfatter: Jiménez de la Jara, Mónica (autor)
Andre forfattere: Lagos Rojas, Felipe (autor)
Format: Bog
Sprog:engelsk
Udgivet: Santiago, Chile: Ediciones Universidad San Sebastián, 2011.
Udgivelse:Primera edición.
Serier:AEQUALIS, Foro de Educación Superior.
Fag:
Tags: Tilføj Tag
Ingen Tags, Vær først til at tagge denne postø!

MARC

LEADER 00000nam a22000007a 4500
003 CL-VaPUC
005 20230606163821.0
008 230605t2011 ||||| |||| 00| 0 eng d
999 |c 441041  |d 441039 
020 |a 978-956-7439-19-5 
040 |c Pontificia Universidad Católica de Valparaíso 
082 |2 22  |a 378.83 JIM 2011 
100 |9 559439  |a Jiménez de la Jara, Mónica  |e autor 
245 |a Nueva geografía de la educación superior y de los estudiantes.  |b Una cartografía del sistema chileno, su actual alumnado y sus principales tendencias.  
250 |a Primera edición. 
260 |a Santiago, Chile:   |b Ediciones Universidad San Sebastián,   |c 2011. 
300 |a páginas. 
490 |a AEQUALIS, Foro de Educación Superior. 
500 |a Donación Rectoría 2022. 
583 |c 20230605  |k Yessy Sthefany Diaz Vidal 
650 0 |9 223851  |a Educación superior   |x Selección universitaria   |z Chile 
650 0 |9 256317  |a Universidades  |v Análisis comparativo   |x Características y clasificaciones   |z Chile 
650 0 |9 407339  |a Centros de Formación Técnica (CFT)  |v Análisis estadístico  |x Características  |z Chile  
700 |9 553348  |a Lagos Rojas, Felipe  |e autor 
942 |2 ddc  |c BK 
952 |0 0  |1 0  |2 ddc  |4 0  |6 378_830000000000000_JIM_2011  |7 0  |8 A  |9 590369  |a BIBGIM  |b BIBGIM  |c S_PSTGRDO  |d 2023-06-05  |e Donación   |i 5657690  |o 378.83 JIM 2011  |p 5657690  |r 2025-01-15  |t 1  |w 2023-06-05  |y BK  |k ESU